| 000 | 00457cam a2200181ua 4500 | ||
|---|---|---|---|
| 020 |
_a0 00 38 3173 6 _c50.00 $ |
||
| 041 |
_aeng _h |
||
| 082 |
_a631.3 _bCUL/FA |
||
| 100 | _aCulpin, Claude . | ||
| 245 |
_aFarm machinery / _cClaude culpin. _hTextual Documents |
||
| 250 |
_a11 / _b. |
||
| 260 |
_aLondon : _bCollins gratton street , _c1986. |
||
| 300 | _a450 ; . | ||
| 365 | _a50.00 $ | ||
| 504 | _a | ||
| 942 | _cBK | ||
| 999 |
_c2825 _d2825 |
||